Héros littéraires #2 - Statistiques

Statistiques générales
  • Ce quiz a été pris 14 219 fois
  • Le résultat moyen est 7 sur 15
Statistiques - réponses
Indice Héros % Correct
Médecin créateur d'un monstre qui se retournera contre lui Frankenstein
83%
Pas premier de la classe baguette en main mais amateur de balais. Harry Potter
82%
Jeune fille pas très nette, grisâtre, même, mais très malheureuse. Elle a connu quelques soucis avec des citrouilles. Cendrillon
72%
Petite fille riche qui accumule les sottises - et les châtiments, donc. Bien malheureuse. Sophie
64%
Petit malin qui a quand même mis dix ans à rentrer chez lui Ulysse
60%
La vengeance est un plat qui se mange froid, aurait pu écrire ce comte sur les murs de sa prison insulaire. Monte Cristo
58%
Belge obsessionnel, notamment de sa moustache. Hercule Poirot
57%
Il a séduit 100 femmes en France, 231 en Allemagne, 640 en Italie et 1003 en Espagne selon les comptes de Sganarelle.. Don Juan
53%
Médecin britannique à la double personnalité encombrante. Dr Jekyll
49%
Noble bâtard associé à l'Optimisme dans le titre du conte philosophique dans lequel il apparaît. Candide
41%
Héroïne vivant en Andalousie et suscitant la jalousie, dont la version chantée est au moins aussi célèbre que la nouvelle d'origine. Carmen
30%
Héros canin poilu aux dents blanches, qui fait l'expérience de maîtres variés et plus ou moins bienveillants. Croc-Blanc
22%
Il s'est occupé, entre autres, d'une dame en noir et d'une chambre jaune. Rouletabille
15%
Châtelaine désoeuvrée qui trouvera à s'occuper avec son garde-chasse. Lady Chatterley
11%
Ingénue, amatrice de cols en dentelle, créée par une auteure qui ne l'était pas vraiment (ingénue) malgré le caractère semi-autobiographique du roman dans lequel elle apparaît. Claudine
7%
Aucun quiz correspondant
Distribution des résultats
% des personnes avec chaque résultat
Percentile par nombre de réponses
Votre historique - résultats
Vous n’avez pas pris ce quiz